00381nam a2200121Ia 4500008004100000082001400041100001900055245010300074260003100177300000800208650001800216700002500234191201s2018 xx 000 0 und d a615.8 DHD aDHIKAV, Vikas  0aDrugs classifications in pharmacology : With generi names, dasages, available preparations and ... bAITBS PubaNew Delhic2018 a225 aPharmacology  aAnand, Kuljeet Singh